000 00907nam a2200217Ia 4500
005 20250108124853.0
008 008 250107s9999 xx 000 0 hin d
037 _aTB
040 _aCRL
_bhin
_cCRL
041 _ahin
_2hin
084 _aR65,6:g 152R2
084 _qCRL
100 _aकाम्बूसैनी, कर्ण सिंह, ले.
_9729991
245 0 _aएक विषमता के विरूद्ध लड़ा सेनानी दुजा स्वतंत्रता का अमर बलिदानी
_cकाम्बूसैनी, कर्ण सिंह, ले.
260 _aरूडकी, भारत
_bप्रीति प्रिंटिग प्रैस
_c2509
300 _a116पृ0
365 _aINR
_b200
650 _aसमाजशास्त्र
942 _cTB
_hR65,6:g 152R2
999 _c1234897
_d1234897